000
00340nam a2200157Ia 4500
003
OSt
005
20240119144721.0
008
170523s9999 xx 000 0 und d
020
_a
978-8120304840
040
_c
IIMT
100
_a
LUCK- DAVID J
245
0
_a
MARKETING RESEARCH
260
_b
NEW DELHI PHI
260
_c
1999
942
_2
ddc
_c
02
999
_c
61
_d
61